Представление документа в формате RUSMARC

ПолеНазваниеЗначение
  Тип записи a
  Библиографический уровень m
001 Контрольный номер Book/4694
005 Дата корректировки 20240701135125.4
010 Индекс ISBN __
a ISBN 5-468-00010-5
9 Тираж 3 000 экз.
d Цена 116 р. 00 к.
090 Данные записи __
b Тип записи Книги
c Язык записи Русский
d Отрасль знаний (КСУ) Другая
e Секретность Несекретно
g Вид записи Монография (однотомник)
100 Данные общей обработки __
a Данные общей обработки 20100513d2013 u u 1rusy ||||ca
101 Язык документа 0_
a Язык текста rus
105 Кодированные данные (монография) __
a Кодированные данные (монография) a z 000yy
200 Заглавие и сведения об ответственности 1_
a Заглавие Рабочая тетрадь по курсу микроэкономики
f Первые сведения об ответственности Р. М. Нуреев
210 Выходные данные 1_
a Место издания Москва
c Издательство Норма
d Дата издания 2006
215 Физическое описание __
a Объем 176 с.
300 Общие примечания __
a Общие примечания 16+
606 Тематические рубрики 0_
a Основная рубрика Микроэкономика
610 Ключевые слова 0_
a Ключевые слова микроэкономика; экономика; тетради рабочие
686 Индексы других классификаций __
a Классификационный индекс 65.012.1
2 Код системы rubbk
700 Автор _1
a Фамилия Нуреев
b Имя (инициалы) Р. М.
g Полное личное имя Рустем Махмутович
801 Источник записи _0
a Страна RU
b Организация МБУК ЦБС г. Ульяновска
c Дата составления 20100513
801 Источник записи _1
a Страна RU
b Организация МБУК ЦБС г. Ульяновска
c Дата составления 20100513
852 Данные о местонахождении __
i Авторский знак Н 90
j Шифр хранения 65.012